[Event "CYCC U14 w"]
[Site "Calgary CAN"]
[Date "2023.07.21"]
[Round "5.50"]
[White "Fiset, Anais Chloe"]
[Black "Roque, Alexa"]
[Result "1/2-1/2"]
[WhiteElo "1652"]
[BlackElo "1013"]
[PlyCount "63"]
[EventDate "2023.07.19"]
[EventType "swiss"]
[EventRounds "7"]
[EventCountry "CAN"]

1. e4 c6 2. d4 d5 3. Nc3 dxe4 4. Nxe4 Nf6 5. Nxf6+ exf6 6. c3 Bd6 7. Bd3 O-O 8.
Ne2 Re8 9. Qc2 h5 10. O-O Nd7 11. Be3 Nf8 12. h3 Be6 13. a4 Qd7 14. Rad1 Qc7
15. Rfe1 Rad8 16. c4 Bb4 17. Nc3 b6 18. Be2 g6 19. Qb3 Bxc3 20. Qxc3 Qb7 21.
Bh6 Kh7 22. Be3 Kg8 23. Bf3 Nh7 24. Rd2 Ng5 25. Bxg5 fxg5 26. Red1 g4 27. hxg4
Bxg4 28. Bxg4 hxg4 29. d5 cxd5 30. cxd5 Re4 31. b3 Qe7 32. Rc2 1/2-1/2

[Event "CYCC U14 w"]
[Site "Calgary CAN"]
[Date "2023.07.21"]
[Round "5.51"]
[White "Xie, Irene"]
[Black "Yang, Bella"]
[Result "1-0"]
[WhiteElo "1689"]
[BlackElo "1200"]
[PlyCount "129"]
[EventDate "2023.07.19"]
[EventType "swiss"]
[EventRounds "7"]
[EventCountry "CAN"]

1. e4 c5 2. Nf3 e6 3. b3 Nc6 4. Bb5 Nf6 5. Bxc6 bxc6 6. d3 d6 7. Bb2 e5 8. h3
g6 9. Nc3 Bg7 10. Nd2 O-O 11. O-O d5 12. Na4 Qe7 13. Re1 d4 14. Ba3 Nd7 15. Qe2
Ba6 16. Bc1 Bb5 17. Nb2 a5 18. a4 Ba6 19. Ndc4 Bxc4 20. Nxc4 Rfe8 21. Bd2 Qd8
22. Rf1 Nb8 23. Qe1 Na6 24. Bxa5 Qb8 25. Qd1 Nb4 26. Bxb4 cxb4 27. Qg4 c5 28.
f4 exf4 29. Qxf4 Qxf4 30. Rxf4 Bh6 31. Rf6 Bg7 32. Rc6 Bf8 33. a5 Re6 34. Rxe6
fxe6 35. a6 Ra7 36. Nb6 Kg7 37. Nc8 Ra8 38. a7 Rxc8 39. a8=Q Rxa8 40. Rxa8 Bd6
41. Ra6 Bf4 42. Rxe6 Be3+ 43. Kf1 Kf7 44. Rc6 Bd2 45. Rxc5 Bc3 46. Rc7+ Kg8 47.
Ke2 h6 48. Kf3 Kf8 49. Kf4 Be1 50. Rc4 Bc3 51. Ke5 Ke7 52. Rc7+ Kd8 53. Rh7 Bd2
54. Kxd4 Bc3+ 55. Kd5 Ke8 56. e5 Kf8 57. e6 Bf6 58. Rf7+ Ke8 59. Rxf6 g5 60.
Rf7 g4 61. Ra7 Kd8 62. Kd6 Kc8 63. e7 Kb8 64. Rd7 gxh3 65. e8=Q# 1-0

[Event "CYCC U14 w"]
[Site "Calgary CAN"]
[Date "2023.07.21"]
[Round "6.48"]
[White "Jiang, Hancy"]
[Black "Yang, Lucy"]
[Result "1-0"]
[WhiteElo "1831"]
[BlackElo "1368"]
[PlyCount "61"]
[EventDate "2023.07.19"]
[EventType "swiss"]
[EventRounds "7"]
[EventCountry "CAN"]

1. d4 d5 2. Nf3 Nf6 3. e3 Bf5 4. Bd3 Bxd3 5. cxd3 e6 6. b3 Nbd7 7. Bb2 Be7 8.
Nbd2 c5 9. O-O Nf8 10. Ne5 Ng6 11. Rc1 Nxe5 12. dxe5 Nd7 13. Qg4 Bf8 14. f4 g6
15. e4 d4 16. Qg3 Qb8 17. a4 a6 18. a5 b6 19. axb6 Qxb6 20. f5 Bh6 21. Nc4 Qb8
22. fxe6 Bxc1 23. exd7+ Kxd7 24. Bxc1 Rf8 25. Bh6 Re8 26. Rxf7+ Re7 27. Qg4+
Kd8 28. Qh4 Qb7 29. Rxe7 Qxe7 30. Bg5 Ra7 31. Na5 1-0

[Event "CYCC U14 w"]
[Site "Calgary CAN"]
[Date "2023.07.21"]
[Round "6.49"]
[White "Gao, Lucy"]
[Black "Ambilwade, Ojal"]
[Result "1/2-1/2"]
[WhiteElo "1933"]
[BlackElo "1700"]
[PlyCount "43"]
[EventDate "2023.07.19"]
[EventType "swiss"]
[EventRounds "7"]
[EventCountry "CAN"]

1. e4 c6 2. Nf3 d5 3. Nc3 Bg4 4. h3 Bxf3 5. Qxf3 e6 6. Be2 Nd7 7. d4 dxe4 8.
Nxe4 Ngf6 9. Ng3 Bd6 10. O-O Qc7 11. Bd3 O-O 12. Bg5 h6 13. Bd2 Rfe8 14. Rae1
c5 15. Nh5 Nxh5 16. Qxh5 Nf6 17. Qh4 Qd8 18. Bxh6 gxh6 19. Qxh6 Bf8 20. Qh4 Bg7
21. dxc5 Kf8 22. Bb5 1/2-1/2

[Event "CYCC U14 w"]
[Site "Calgary CAN"]
[Date "2023.07.21"]
[Round "6.50"]
[White "Xie, Irene"]
[Black "Fiset, Anais Chloe"]
[Result "1-0"]
[WhiteElo "1689"]
[BlackElo "1652"]
[PlyCount "67"]
[EventDate "2023.07.19"]
[EventType "swiss"]
[EventRounds "7"]
[EventCountry "CAN"]

1. e4 c6 2. d4 d5 3. Nc3 dxe4 4. Nxe4 Nf6 5. Nxf6+ exf6 6. Nf3 Bf5 7. Bd3 Bxd3
8. Qxd3 Bd6 9. O-O O-O 10. Be3 Nd7 11. Rad1 Qa5 12. a3 Rad8 13. c3 Rfe8 14.
Rfe1 Nf8 15. Nd2 Qh5 16. Nf1 Ne6 17. Ng3 Bxg3 18. hxg3 Nc7 19. Qe2 Qxe2 20.
Rxe2 Nd5 21. Rde1 g5 22. Kf1 Kf8 23. f3 Nxe3+ 24. Rxe3 Rxe3 25. Rxe3 Rd5 26. a4
b5 27. axb5 Rxb5 28. Re2 Rb3 29. Ke1 h5 30. Kd1 Rb5 31. Kc2 f5 32. c4 Ra5 33.
Kb3 Ra1 34. Re5 1-0

[Event "CYCC U14 w"]
[Site "Calgary CAN"]
[Date "2023.07.21"]
[Round "6.52"]
[White "Roque, Alexa"]
[Black "Inozemtseva, Milana"]
[Result "1-0"]
[WhiteElo "1013"]
[BlackElo "1007"]
[PlyCount "89"]
[EventDate "2023.07.19"]
[EventType "swiss"]
[EventRounds "7"]
[EventCountry "CAN"]

1. d4 d5 2. c4 e6 3. Nf3 Nf6 4. Nc3 c5 5. dxc5 Bxc5 6. Bg5 Be7 7. e3 b6 8. cxd5
exd5 9. Bb5+ Bd7 10. Bxd7+ Qxd7 11. O-O O-O 12. Bxf6 Bxf6 13. Qxd5 Qxd5 14.
Nxd5 Nd7 15. Nxf6+ Nxf6 16. Rfd1 Rac8 17. Nd4 a6 18. Nf5 Rc2 19. b3 g6 20. Nd4
Rc7 21. Rac1 Rfc8 22. Ne2 Rc2 23. Kf1 Ng4 24. h3 Nf6 25. Ke1 R8c5 26. Rxc2 Rxc2
27. Rd2 Rc6 28. Nf4 Ne4 29. Rd4 f5 30. f3 Nc3 31. Nd5 Nxd5 32. Rxd5 Re6 33. Kd2
Kg7 34. Kd3 Kf6 35. h4 h6 36. Kd4 g5 37. hxg5+ hxg5 38. e4 fxe4 39. fxe4 Rc6
40. e5+ Ke6 41. Rd6+ Rxd6+ 42. exd6 Kxd6 43. Ke4 Ke6 44. g4 b5 45. b4 1-0

[Event "CYCC U14 w"]
[Site "Calgary CAN"]
[Date "2023.07.21"]
[Round "6.53"]
[White "Yang, Bella"]
[Black "Hu, Jizhen"]
[Result "0-1"]
[WhiteElo "1200"]
[BlackElo "1220"]
[PlyCount "162"]
[EventDate "2023.07.19"]
[EventType "swiss"]
[EventRounds "7"]
[EventCountry "CAN"]

1. e4 e5 2. Nf3 Nc6 3. Bb5 Nf6 4. O-O Be7 5. d3 d6 6. h3 a6 7. Ba4 Be6 8. Nc3
h6 9. d4 exd4 10. Nxd4 Bd7 11. Bxc6 Bxc6 12. Nf5 Rg8 13. Ng3 Qd7 14. Be3 Qe6
15. Qd3 d5 16. exd5 Nxd5 17. Nxd5 Qxd5 18. Qxd5 Bxd5 19. Rad1 O-O-O 20. b3 Bc6
21. Nf5 Bf6 22. c3 Rge8 23. Nd4 Bxd4 24. Bxd4 g6 25. Rfe1 h5 26. Bf6 Rxe1+ 27.
Rxe1 Re8 28. Rd1 Bd7 29. a3 c6 30. Kh2 Be6 31. b4 Bd5 32. Bh4 b5 33. Rd2 Kb7
34. Bg5 Re4 35. Bf6 Re1 36. Bd8 Ra1 37. Rd3 Rxa3 38. Ba5 Ra2 39. Kg3 Re2 40.
Bd8 Re8 41. Ba5 Kc8 42. Bb6 Re5 43. Kh2 Rf5 44. Re3 Rxf2 45. Re8+ Kd7 46. Rd8+
Ke7 47. Rxd5 Rxg2+ 48. Kxg2 cxd5 49. Kf3 Kf6 50. h4 Kf5 51. Ke3 g5 52. hxg5
Kxg5 53. Kd4 f5 54. Kxd5 h4 55. Kc6 h3 56. Bg1 Kg4 57. Bh2 f4 58. Kb6 f3 59.
Bg1 Kg3 60. Kxa6 Kg2 61. c4 Kxg1 62. c5 f2 63. c6 f1=Q 64. c7 Qc4 65. Kb7 h2
66. c8=Q Qxc8+ 67. Ka7 Qb7+ 68. Kxb7 h1=Q+ 69. Kb6 Qh5 70. Ka5 Kf2 71. Ka6 Ke3
72. Ka5 Kd3 73. Ka6 Kc3 74. Ka5 Qh4 75. Ka6 Kxb4 76. Ka7 Qf6 77. Ka8 Qe7 78.
Kb8 Qd7 79. Ka8 Ka5 80. Kb8 Kb6 81. Ka8 Qb7# 0-1

[Event "CYCC U14 w"]
[Site "Calgary CAN"]
[Date "2023.07.22"]
[Round "7.48"]
[White "Xu, Hannah"]
[Black "Jiang, Hancy"]
[Result "0-1"]
[WhiteElo "1276"]
[BlackElo "1831"]
[PlyCount "80"]
[EventDate "2023.07.19"]
[EventType "swiss"]
[EventRounds "7"]
[EventCountry "CAN"]

1. d4 Nf6 2. Nf3 g6 3. Bf4 Bg7 4. e3 O-O 5. c4 c5 6. Nc3 Qb6 7. Qb3 d6 8. Be2
Nbd7 9. O-O Nh5 10. d5 Nxf4 11. exf4 a6 12. Rfe1 Qxb3 13. axb3 Nb6 14. h3 Rb8
15. Ra2 Na8 16. Bd3 Re8 17. Nh4 Nc7 18. Nf3 Bh6 19. Ne2 b5 20. Kh2 bxc4 21.
Bxc4 Rb6 22. g3 Bb7 23. Nc3 Bg7 24. Rd1 e6 25. dxe6 fxe6 26. Be2 Nd5 27. Rc1
Rxb3 28. Nd2 Nxc3 29. bxc3 Rxc3 30. Rxc3 Bxc3 31. Nc4 Rd8 32. Ne3 a5 33. Nc4
Ba6 34. Nb6 Bxe2 35. Rxe2 Kf7 36. Kg2 d5 37. Na4 Bd4 38. Rc2 c4 39. Kf3 Rb8 40.
Rd2 c3 0-1

[Event "CYCC U14 w"]
[Site "Calgary CAN"]
[Date "2023.07.22"]
[Round "7.49"]
[White "Yang, Lucy"]
[Black "Xie, Irene"]
[Result "1/2-1/2"]
[WhiteElo "1368"]
[BlackElo "1689"]
[PlyCount "49"]
[EventDate "2023.07.19"]
[EventType "swiss"]
[EventRounds "7"]
[EventCountry "CAN"]

1. e4 e6 2. d4 d5 3. exd5 exd5 4. Nf3 Bd6 5. Bd3 Ne7 6. h3 Bf5 7. Be3 Nd7 8. c3
c6 9. Qe2 Bxd3 10. Qxd3 Qc7 11. Nbd2 Bf4 12. Bxf4 Qxf4 13. O-O-O O-O-O 14. g3
Qf5 15. Qxf5 Nxf5 16. Rde1 Nd6 17. Re7 Rde8 18. Rhe1 Kd8 19. Rxe8+ Rxe8 20. Kd1
Rxe1+ 21. Kxe1 Ke7 22. Ke2 f5 23. Ke3 Kf6 24. Ne1 Nb6 25. b3 1/2-1/2

[Event "CYCC U14 w"]
[Site "Calgary CAN"]
[Date "2023.07.22"]
[Round "7.50"]
[White "Hu, Jizhen"]
[Black "Roque, Alexa"]
[Result "1/2-1/2"]
[WhiteElo "1230"]
[BlackElo "1013"]
[PlyCount "55"]
[EventDate "2023.07.19"]
[EventType "swiss"]
[EventRounds "7"]
[EventCountry "CAN"]

1. e4 c6 2. c3 d5 3. exd5 cxd5 4. d4 Nc6 5. Bb5 Nf6 6. Bf4 Bf5 7. Bd3 Bxd3 8.
Qxd3 e6 9. Nf3 Bd6 10. Bxd6 Qxd6 11. Nbd2 O-O 12. O-O-O Rac8 13. Nb3 Nb4 14.
Qe2 Ne4 15. Kb1 Nc6 16. Rc1 b6 17. Nfd2 Nf6 18. Nf3 Nd7 19. Ne1 e5 20. Nc2 Rfe8
21. dxe5 Ncxe5 22. Qd2 Nc5 23. Nxc5 Qxc5 24. Qd4 Nd7 25. Qxc5 bxc5 26. Rhe1
Rcd8 27. Rcd1 Nb6 28. Rxe8+ 1/2-1/2

[Event "CYCC U14 w"]
[Site "Calgary CAN"]
[Date "2023.07.22"]
[Round "7.51"]
[White "Yang, Bella"]
[Black "Gao, Lucy"]
[Result "0-1"]
[WhiteElo "1200"]
[BlackElo "1933"]
[PlyCount "86"]
[EventDate "2023.07.19"]
[EventType "swiss"]
[EventRounds "7"]
[EventCountry "CAN"]

1. e4 c5 2. Nf3 g6 3. d4 cxd4 4. Nxd4 Nc6 5. Nf3 Nf6 6. Nc3 Bg7 7. Bd3 O-O 8.
O-O d5 9. exd5 Nxd5 10. Nxd5 Qxd5 11. h3 Rd8 12. Be3 Bxb2 13. Rb1 Qxa2 14. Bh6
Bf6 15. Qd2 Qd5 16. Rfd1 Bxh3 17. Rb5 Qxb5 18. Bxb5 Rxd2 19. Rxd2 Bg4 20. Bxc6
bxc6 21. Nd4 c5 22. Nb5 a5 23. Nc7 Rb8 24. Na6 Rb1+ 25. Kh2 Be5+ 26. f4 Bd6 27.
Nxc5 Rb5 28. Kg3 Rxc5 29. Kxg4 a4 30. Rd4 Ra5 31. Rc4 f5+ 32. Kg5 a3 33. Rc8+
Kf7 34. Rf8+ Ke6 35. Bg7 Rc5 36. Ra8 Rxc2 37. g3 Rg2 38. Ra4 Rxg3+ 39. Kh4 Rg4+
40. Kh3 Rxf4 41. Ra6 Rf2 42. Be5 Kxe5 43. Ra5+ Ke6 0-1

[Event "CYCC U14 w"]
[Site "Calgary CAN"]
[Date "2023.07.22"]
[Round "7.52"]
[White "Inozemtseva, Milana"]
[Black "Ambilwade, Ojal"]
[Result "1-0"]
[WhiteElo "1007"]
[BlackElo "1700"]
[PlyCount "85"]
[EventDate "2023.07.19"]
[EventType "swiss"]
[EventRounds "7"]
[EventCountry "CAN"]

1. e4 c6 2. d4 d5 3. Nc3 dxe4 4. Nxe4 Nf6 5. Nxf6+ exf6 6. Bc4 Bd6 7. Nf3 O-O
8. O-O Bg4 9. h3 Bh5 10. Qd3 Re8 11. Bd2 b5 12. Bb3 a5 13. c4 a4 14. Bd1 Bg6
15. Qc3 b4 16. Qc1 c5 17. Be3 Nd7 18. Bc2 Bh5 19. Nh4 cxd4 20. Bxd4 Be2 21. Re1
b3 22. axb3 axb3 23. Bxb3 Re4 24. Nf5 Bf4 25. Qc2 Rxa1 26. Rxa1 Qe8 27. Ba4 Bh5
28. g4 Re1+ 29. Rxe1 Qxe1+ 30. Kg2 Bxg4 31. hxg4 Qb4 32. Qb3 Qxb3 33. Bxb3 g6
34. Ne7+ Kf8 35. Nc6 Ke8 36. Ba4 Kf8 37. Nb4 Ne5 38. Bxe5 fxe5 39. Nd3 Ke7 40.
Nxf4 exf4 41. g5 Ke6 42. Kf3 Kf5 43. c5 1-0

[Event "CYCC U16"]
[Site "Calgary CAN"]
[Date "2023.07.19"]
[Round "1.15"]
[White "Chen, Matthew"]
[Black "Xu, Daniel"]
[Result "0-1"]
[WhiteElo "1422"]
[BlackElo "2377"]
[PlyCount "92"]
[EventDate "2023.07.19"]
[EventType "swiss"]
[EventRounds "7"]
[EventCountry "CAN"]

1. d4 Nf6 2. Bf4 g6 3. c4 Bg7 4. Nc3 d6 5. e4 O-O 6. Be2 c5 7. d5 a6 8. a4 Qa5
9. f3 Nh5 10. Bd2 e6 11. f4 Nf6 12. Nf3 exd5 13. cxd5 Bg4 14. O-O Bxf3 15. Bxf3
Nbd7 16. Re1 Rfe8 17. Qb3 Rab8 18. Re2 b5 19. Nd1 Qb6 20. axb5 axb5 21. Qa3 Qc7
22. Qb3 c4 23. Qb4 Nc5 24. Nf2 Nb3 25. Ra6 Nd4 26. Re1 Nc2 27. Qxd6 Qxd6 28.
Rxd6 Nxe1 29. Bxe1 Nxe4 30. Nxe4 f5 31. Nf6+ Bxf6 32. Rxf6 Rxe1+ 33. Kf2 Rb1
34. Rc6 Rxb2+ 35. Ke3 Rb3+ 36. Kd4 Rd3+ 37. Ke5 b4 38. d6 b3 39. Bd5+ Rxd5+ 40.
Kxd5 b2 41. d7 b1=Q 42. Rc8+ Kg7 43. d8=Q Qd3+ 44. Kc5 Qxd8 45. Rxd8 Rxd8 46.
Kxc4 Rd2 0-1

[Event "CYCC U16"]
[Site "Calgary CAN"]
[Date "2023.07.19"]
[Round "1.16"]
[White "Chen, Max"]
[Black "McBain, Robert"]
[Result "1-0"]
[WhiteElo "2341"]
[BlackElo "1399"]
[PlyCount "111"]
[EventDate "2023.07.19"]
[EventType "swiss"]
[EventRounds "7"]
[EventCountry "CAN"]

1. Nf3 Nf6 2. g3 g6 3. Bg2 Bg7 4. c4 d6 5. d4 O-O 6. O-O Nc6 7. d5 Na5 8. Nbd2
c5 9. e4 a6 10. a3 b5 11. Qc2 Bd7 12. Re1 Qb6 13. e5 Ng4 14. e6 fxe6 15. h3 Ne5
16. Nxe5 Bxe5 17. Nf3 Nxc4 18. Nxe5 Nxe5 19. Bf4 Nc4 20. b3 Na5 21. Bh6 Rf6 22.
Bg5 Rf5 23. Bxe7 e5 24. h4 Rf7 25. Bg5 c4 26. bxc4 Nxc4 27. Be4 Rc8 28. h5 Bf5
29. hxg6 hxg6 30. Ra2 Nxa3 31. Qd3 Nc4 32. g4 Bxg4 33. Bxg6 Rg7 34. Bf6 e4 35.
Qxe4 Ne5 36. Bxg7 Kxg7 37. Bf5 Bf3 38. Qe3 Rh8 39. Qg5+ Kf8 40. Qf6+ Nf7 41.
Qxh8+ Nxh8 42. Rc2 Qd4 43. Rc8+ Kg7 44. Be6 Qh4 45. Rg8+ Kf6 46. Rf8+ Kg7 47.
Rxf3 Ng6 48. Rg3 Kh6 49. Rh3 Qxh3 50. Bxh3 Ne5 51. Ra1 b4 52. Rxa6 b3 53. Rxd6+
Kg5 54. Rb6 Kf4 55. Rb4+ Kg5 56. f4+ 1-0

[Event "CYCC U16"]
[Site "Calgary CAN"]
[Date "2023.07.19"]
[Round "1.17"]
[White "Hamboyan, Vartan"]
[Black "Huang, Youhe"]
[Result "0-1"]
[WhiteElo "1319"]
[BlackElo "2285"]
[PlyCount "104"]
[EventDate "2023.07.19"]
[EventType "swiss"]
[EventRounds "7"]
[EventCountry "CAN"]

1. e4 c5 2. Nc3 e6 3. f4 d5 4. Bb5+ Bd7 5. Bxd7+ Qxd7 6. d3 Nf6 7. Nf3 dxe4 8.
Nxe4 Nxe4 9. dxe4 Qxd1+ 10. Kxd1 Nc6 11. c3 O-O-O+ 12. Kc2 Be7 13. Ng5 Bxg5 14.
fxg5 Ne5 15. Be3 Nc4 16. Rhe1 h6 17. gxh6 Nxe3+ 18. Rxe3 Rxh6 19. h3 Rf6 20.
Re2 Kc7 21. Rd1 Rxd1 22. Kxd1 Rf1+ 23. Kd2 Kd6 24. Ke3 Ke5 25. Rd2 Rb1 26. Kf3
b5 27. Re2 Rd1 28. a3 c4 29. g3 Rd3+ 30. Kg4 f6 31. Kh4 a5 32. Kg4 g6 33. Kh4
b4 34. axb4 axb4 35. cxb4 Rb3 36. g4 g5+ 37. Kh5 Rxb4 38. Kg6 Rb3 39. Rc2 Rxh3
40. Rxc4 Kf4 41. Kxf6 e5 42. Rc5 Rh6+ 43. Kg7 Rb6 44. Rc8 Kxg4 45. Rf8 Kh4 46.
Rf5 g4 47. Rxe5 g3 48. Re8 g2 49. Rh8+ Kg5 50. Rg8 Rg6+ 51. Kf7 Rxg8 52. Kxg8
Kf6 0-1

[Event "CYCC U16"]
[Site "Calgary CAN"]
[Date "2023.07.19"]
[Round "1.18"]
[White "Song, Ethan"]
[Black "Suer, Derin"]
[Result "1-0"]
[WhiteElo "2255"]
[BlackElo "1297"]
[PlyCount "83"]
[EventDate "2023.07.19"]
[EventType "swiss"]
[EventRounds "7"]
[EventCountry "CAN"]

1. e4 d5 2. exd5 Qxd5 3. Nc3 Qa5 4. a3 c6 5. b4 Qc7 6. Nf3 Bg4 7. Bc4 Nd7 8.
Bxf7+ Kd8 9. Bc4 Ngf6 10. h3 Bh5 11. Be2 h6 12. d4 e6 13. Ne5 Bxe2 14. Qxe2
Nxe5 15. dxe5 Nd7 16. Bf4 Kc8 17. O-O g5 18. Bh2 Bg7 19. Rfe1 Nb6 20. Rad1 Nd5
21. Qg4 Qf7 22. Nxd5 h5 23. Qxg5 cxd5 24. Rd3 Bh6 25. Qf6 Rf8 26. Bg3 Bg7 27.
Qh4 Kd7 28. c4 Qf5 29. Qd4 h4 30. cxd5 Rad8 31. Bxh4 exd5 32. Qxd5+ Ke8 33.
Qxd8+ Kf7 34. Rf3 Qxf3 35. Qe7+ Kg8 36. gxf3 Rxf3 37. Bf6 Bf8 38. Qe6+ Kh7 39.
Qf7+ Kh6 40. Qxf8+ Kg6 41. Qg7+ Kf5 42. Qg4# 1-0

[Event "CYCC U16"]
[Site "Calgary CAN"]
[Date "2023.07.19"]
[Round "1.19"]
[White "Hambardzumyan, Narek"]
[Black "Jiang, Kate"]
[Result "0-1"]
[WhiteElo "1221"]
[BlackElo "2214"]
[PlyCount "34"]
[EventDate "2023.07.19"]
[EventType "swiss"]
[EventRounds "7"]
[EventCountry "CAN"]

1. e4 e5 2. Nf3 Nc6 3. Bc4 Nf6 4. Ng5 d5 5. exd5 Na5 6. Bb5+ c6 7. dxc6 bxc6 8.
Qf3 Be7 9. Ba4 O-O 10. O-O Ng4 11. Ne4 f5 12. Nec3 Bd6 13. Qe2 f4 14. h3 f3 15.
gxf3 Nh2 16. Kxh2 e4+ 17. Kh1 Qh4 0-1

[Event "CYCC U16"]
[Site "Calgary CAN"]
[Date "2023.07.19"]
[Round "1.20"]
[White "Lin, Leo"]
[Black "Yang, Ernst"]
[Result "1-0"]
[WhiteElo "2212"]
[BlackElo "1220"]
[PlyCount "64"]
[EventDate "2023.07.19"]
[EventType "swiss"]
[EventRounds "7"]
[EventCountry "CAN"]

1. e4 e6 2. c3 c5 3. Nf3 d5 4. e5 Nc6 5. Na3 a6 6. Nc2 Nh6 7. d4 Nf5 8. Bd3 g6
9. O-O Qb6 10. Bxf5 gxf5 11. Ng5 h5 12. h4 Bd7 13. g3 cxd4 14. cxd4 Bg7 15. Nh3
O-O-O 16. Bg5 Rdg8 17. b3 Kb8 18. Nf4 Nxe5 19. dxe5 Bxe5 20. Re1 f6 21. Rxe5
fxe5 22. Nxh5 Rg6 23. Bf6 Rhg8 24. Bxe5+ Ka8 25. Nd4 Qd8 26. Kh2 Rh6 27. Qf3
Rg4 28. Nf4 Qe8 29. Rc1 Rh7 30. Rc7 Rgg7 31. Bxg7 e5 32. Qxd5 Rxg7 1-0

[Event "CYCC U16"]
[Site "Calgary CAN"]
[Date "2023.07.19"]
[Round "1.21"]
[White "Thomas, Hudson"]
[Black "Srinivasan, Hemant"]
[Result "0-1"]
[WhiteElo "1189"]
[BlackElo "2200"]
[PlyCount "64"]
[EventDate "2023.07.19"]
[EventType "swiss"]
[EventRounds "7"]
[EventCountry "CAN"]

1. e4 c6 2. d4 d5 3. Nc3 dxe4 4. Nxe4 Nf6 5. Nxf6+ exf6 6. c3 Bd6 7. Bd3 O-O 8.
Qc2 Re8+ 9. Ne2 h5 10. O-O Qc7 11. g3 Bg4 12. f3 Bh3 13. Re1 Nd7 14. Bf4 g5 15.
Bxd6 Qxd6 16. Bf5 Bxf5 17. Qxf5 Re3 18. Kf2 Rae8 19. Ng1 Qe7 20. Qb1 f5 21. Qc1
f4 22. Qd2 Nb6 23. b3 Nd5 24. Ne2 Rxf3+ 25. Kxf3 Qe4+ 26. Kf2 Ne3 27. Rg1 Ng4+
28. Ke1 f3 29. h3 Qxe2+ 30. Qxe2 Rxe2+ 31. Kd1 Ne3+ 32. Kc1 f2 0-1

[Event "CYCC U16"]
[Site "Calgary CAN"]
[Date "2023.07.19"]
[Round "1.22"]
[White "Zhu, Matthew"]
[Black "Ber, Sava"]
[Result "1-0"]
[WhiteElo "2200"]
[BlackElo "1179"]
[PlyCount "79"]
[EventDate "2023.07.19"]
[EventType "swiss"]
[EventRounds "7"]
[EventCountry "CAN"]

1. e4 c5 2. Nf3 Nc6 3. Bb5 a6 4. Bxc6 dxc6 5. h3 e5 6. O-O Bd6 7. d3 h6 8. Be3
Nf6 9. Nbd2 O-O 10. Nc4 Re8 11. Qd2 Be6 12. Ncxe5 Bxh3 13. Nc4 Bg4 14. Nxd6
Qxd6 15. e5 Qe6 16. exf6 Qxf6 17. Qc3 Qxc3 18. bxc3 Bxf3 19. gxf3 g5 20. Bxc5
Re5 21. Bd4 Rf5 22. Kg2 Rd8 23. Rfe1 Rd6 24. Re8+ Kh7 25. Rh8+ Kg6 26. Rh1 f6
27. R1xh6+ Kg7 28. R6h7+ Kg6 29. Rxb7 Ra5 30. Rg8+ Kf5 31. Rf7 c5 32. Be3 Rc6
33. Rxg5+ Ke6 34. Rgg7 Rxa2 35. c4 Rxc2 36. Kg3 Kf5 37. Rd7 a5 38. f4 a4 39.
Rd5+ Ke6 40. f5# 1-0

[Event "CYCC U16"]
[Site "Calgary CAN"]
[Date "2023.07.19"]
[Round "1.23"]
[White "Gao, Sean"]
[Black "Sharma, Vishruth"]
[Result "0-1"]
[WhiteElo "1172"]
[BlackElo "2198"]
[PlyCount "62"]
[EventDate "2023.07.19"]
[EventType "swiss"]
[EventRounds "7"]
[EventCountry "CAN"]

1. e4 e5 2. Nf3 Nc6 3. Bc4 Nf6 4. d3 h6 5. Nc3 d6 6. h3 g5 7. g4 Bg7 8. Rg1 Be6
9. Bxe6 fxe6 10. h4 Nh7 11. h5 Qf6 12. Be3 O-O-O 13. Rg3 d5 14. Bc5 Bf8 15.
Bxf8 Rhxf8 16. Qe2 Qf4 17. Qd2 Nd4 18. Nxd4 exd4 19. Nd1 dxe4 20. dxe4 Qxe4+
21. Qe2 Qf4 22. Ra3 Kb8 23. f3 Rd5 24. Nf2 Re5 25. Ne4 Nf6 26. Qd2 Qg3+ 27. Kd1
Nxe4 28. fxe4 Rf1+ 29. Ke2 Rf2+ 30. Kd1 Qxg4+ 31. Kc1 Rf1+ 0-1

[Event "CYCC U16"]
[Site "Calgary CAN"]
[Date "2023.07.19"]
[Round "1.24"]
[White "Liu, Henry"]
[Black "Valavan, Aaryan"]
[Result "1-0"]
[WhiteElo "2180"]
[BlackElo "1157"]
[PlyCount "65"]
[EventDate "2023.07.19"]
[EventType "swiss"]
[EventRounds "7"]
[EventCountry "CAN"]

1. d4 g6 2. e4 Bg7 3. Nc3 d6 4. Bf4 Nf6 5. Qd2 Nc6 6. O-O-O Bd7 7. Nf3 Bg4 8.
Bb5 O-O 9. Bh6 d5 10. Bxg7 Kxg7 11. exd5 Bxf3 12. gxf3 Nxd5 13. Bxc6 bxc6 14.
Ne4 Rb8 15. c4 Nb6 16. b3 Qc8 17. Qa5 Rd8 18. Qe5+ Kg8 19. Qxe7 Re8 20. Nf6+
Kg7 21. Nxe8+ Qxe8 22. Qxc7 Qf8 23. Qe5+ Kg8 24. Qc5 Qh6+ 25. Kc2 Qf4 26. Qe5
Qxe5 27. dxe5 Kg7 28. Rd6 Rc8 29. a4 Rc7 30. Rhd1 a5 31. Kc3 Kh6 32. f4 Kh5 33.
Rf6 1-0

[Event "CYCC U16"]
[Site "Calgary CAN"]
[Date "2023.07.19"]
[Round "1.25"]
[White "Wright, Joshua"]
[Black "He, Matthew"]
[Result "0-1"]
[WhiteElo "1137"]
[BlackElo "2140"]
[PlyCount "70"]
[EventDate "2023.07.19"]
[EventType "swiss"]
[EventRounds "7"]
[EventCountry "CAN"]

1. e4 c6 2. d4 d5 3. e5 Bf5 4. h4 h5 5. Bd3 Bxd3 6. Qxd3 Qa5+ 7. Bd2 Qa6 8. Qb3
e6 9. Nf3 c5 10. Na3 Nc6 11. Qb5 cxd4 12. Nxd4 Qxb5 13. Naxb5 Kd7 14. Nf3 Bc5
15. c3 Nh6 16. Bf4 Ng4 17. Nbd4 f6 18. Nxc6 Bxf2+ 19. Ke2 bxc6 20. Rhf1 Bc5 21.
Rad1 a5 22. Rd3 a4 23. Kd2 Nf2 24. Rxf2 Bxf2 25. Ke2 Bc5 26. Nd2 Ke7 27. exf6+
gxf6 28. Be3 Bxe3 29. Rxe3 Rhg8 30. g3 e5 31. Nf3 Rxg3 32. Kf2 Rag8 33. Re1
Rg2+ 34. Kf1 Rxb2 35. Nd4 Kd7 0-1

[Event "CYCC U16"]
[Site "Calgary CAN"]
[Date "2023.07.19"]
[Round "1.26"]
[White "Ajith, Aayush"]
[Black "Sura, Aditya"]
[Result "1-0"]
[WhiteElo "2139"]
[BlackElo "1096"]
[PlyCount "89"]
[EventDate "2023.07.19"]
[EventType "swiss"]
[EventRounds "7"]
[EventCountry "CAN"]

1. d4 e6 2. c4 d5 3. Nc3 Nf6 4. cxd5 exd5 5. Bg5 Be7 6. Qc2 O-O 7. e3 c5 8.
dxc5 Nc6 9. Nf3 Bg4 10. Nd4 Re8 11. Nxc6 bxc6 12. Bd3 h6 13. Bxf6 Bxf6 14. O-O
Qc7 15. f3 Bd7 16. e4 d4 17. Ne2 Rad8 18. f4 Be6 19. e5 Be7 20. Ng3 Qa5 21. Ne4
Bd5 22. Nd6 Bxd6 23. cxd6 Qb6 24. b3 Qb7 25. Bc4 c5 26. Rac1 Rc8 27. Ba6 Qxa6
28. d7 Re6 29. dxc8=Q+ Qxc8 30. f5 Rc6 31. Qd2 g6 32. g4 Qc7 33. Rce1 Qe7 34.
e6 Qh4 35. Qf4 g5 36. Qg3 Qxg3+ 37. hxg3 fxe6 38. fxe6 Bxe6 39. Rf6 Bd7 40.
Rxc6 Bxc6 41. Kf2 Kf7 42. Re5 a6 43. Rxc5 Bb5 44. Rd5 Ke6 45. Rxd4 1-0

[Event "CYCC U16"]
[Site "Calgary CAN"]
[Date "2023.07.19"]
[Round "1.27"]
[White "Dossa, Andre"]
[Black "Su, Ethan"]
[Result "0-1"]
[WhiteElo "1050"]
[BlackElo "2071"]
[PlyCount "60"]
[EventDate "2023.07.19"]
[EventType "swiss"]
[EventRounds "7"]
[EventCountry "CAN"]

1. e4 c5 2. Nf3 d6 3. Bb5+ Bd7 4. Bxd7+ Nxd7 5. O-O Ngf6 6. Re1 g6 7. d4 cxd4
8. Nxd4 Bg7 9. Nc3 a6 10. h3 O-O 11. Be3 Rc8 12. Qd2 Ne5 13. Bh6 Nc4 14. Qc1
Qa5 15. Bxg7 Kxg7 16. Nde2 Qe5 17. b3 Na5 18. Qe3 b5 19. Nd4 b4 20. Na4 Nc6 21.
Nxc6 Rxc6 22. Rac1 Rfc8 23. Nb6 Rc3 24. Qe2 R8c7 25. Nc4 Qc5 26. a4 Nh5 27. g4
Nf4 28. Qf1 Rg3+ 29. Kh2 Rxh3+ 30. Qxh3 Qxf2+ 0-1

[Event "CYCC U16"]
[Site "Calgary CAN"]
[Date "2023.07.19"]
[Round "1.28"]
[White "Xu, Andrew"]
[Black "Mu, Shaunavon"]
[Result "1-0"]
[WhiteElo "1965"]
[BlackElo "1033"]
[PlyCount "69"]
[EventDate "2023.07.19"]
[EventType "swiss"]
[EventRounds "7"]
[EventCountry "CAN"]

1. e4 e6 2. d4 d5 3. Nd2 Nf6 4. e5 Nfd7 5. Bd3 c5 6. c3 Nc6 7. Ne2 Qb6 8. Nf3
cxd4 9. cxd4 Bb4+ 10. Bd2 O-O 11. O-O f6 12. Qc2 h6 13. Nf4 Kf7 14. Bg6+ Ke7
15. Bh5 fxe5 16. Ng6+ Kd8 17. Nxf8 Nxf8 18. dxe5 Bd7 19. Bxb4 Nxb4 20. Qd2 g5
21. h4 Nc6 22. hxg5 hxg5 23. Nxg5 Kc7 24. Rac1 Rc8 25. b3 Kb8 26. Qe3 Qd8 27.
f4 Be8 28. Bg4 Bd7 29. Nf7 Qh4 30. Qh3 Ng6 31. Qxh4 Nxh4 32. Ng5 Rg8 33. g3
Nxe5 34. fxe5 Rxg5 35. Rf8+ 1-0